Medicine and the neuroses; (Record no. 90687)

MARC details
000 -LEADER
fixed length control field 00763cam a22002291 4500
001 - CONTROL NUMBER
control field sg 45000303
003 - CONTROL NUMBER IDENTIFIER
control field DLC
005 - DATE AND TIME OF LATEST TRANSACTION
control field 20260227112747.0
008 - FIXED-LENGTH DATA ELEMENTS--GENERAL INFORMATION
fixed length control field 790718s1945 nyu 100 0 eng c
010 ## - LIBRARY OF CONGRESS CONTROL NUMBER
LC control number sg 45000303
035 ## - SYSTEM CONTROL NUMBER
System control number (OCoLC)5183396
040 ## - CATALOGING SOURCE
Original cataloging agency U.S. Surg.-gen. off. Libr.
Transcribing agency InIU
Modifying agency DLC
042 ## - AUTHENTICATION CODE
Authentication code premarc
050 00 - LIBRARY OF CONGRESS CALL NUMBER
Classification number RC358
Item number .H4 1945g
082 ## - DEWEY DECIMAL CLASSIFICATION NUMBER
Classification number 616.8
111 1# - MAIN ENTRY--MEETING NAME
Meeting name or jurisdiction name as entry element National Committee for Mental Hygiene.
245 10 - TITLE STATEMENT
Title Medicine and the neuroses;
Remainder of title report of the Hershey Conference on Psychiatric Rehabilitation.
260 ## - PUBLICATION, DISTRIBUTION, ETC.
Place of publication, distribution, etc. New York,
Name of publisher, distributor, etc. The National Committee for Mental Hygiene, Inc.,
Date of publication, distribution, etc. 1945.
300 ## - PHYSICAL DESCRIPTION
Extent 36 p.
Dimensions 23 cm.
650 #0 - SUBJECT ADDED ENTRY--TOPICAL TERM
Topical term or geographic name entry element Psychiatry.
711 1# - ADDED ENTRY--MEETING NAME
Meeting name or jurisdiction name as entry element Hershey Conference on Psychiatric Rehabilitation,
Location of meeting Hershey, Pa.,
Date of meeting or treaty signing 1945.

No items available.

Powered by Koha